Les pays africains par 2 premières lettres - Statistiques

Statistiques générales
  • Ce quiz a été pris 3 150 fois
  • Le résultat moyen est 42 sur 54
Réponses sur la Carte
Les réponses sont colorées sur une échelle allant du rouge au vert en fonction du pourcentage des utilisateurs qui les ont devinées à leur premier essai. Vous pouvez retrouver ces pourcentages ci-dessous.
 
Statistiques - réponses
pays % Correct
Île Maurice
99%
Madagascar
99%
Malawi
99%
Mali
99%
Maroc
99%
Mauritanie
99%
Algérie
98%
Rép dém du Congo
96%
Rép du Congo
96%
Afrique du Sud
95%
Comores
93%
Côte d'Ivoire
93%
Égypte
93%
Tunisie
92%
Liberia
90%
Libye
90%
Somalie
89%
Soudan
89%
Soudan du Sud
89%
Sénégal
83%
Seychelles
83%
Niger
82%
Nigeria
82%
Cameroun
80%
Cap-Vert
80%
Éthiopie
76%
Angola
73%
République Centrafricaine
73%
Gabon
72%
Gambie
72%
Tchad
72%
Togo
72%
Érythrée
71%
Guinée
71%
Guinée-Bissau
71%
Guinée équatoriale
71%
Zambie
71%
Mozambique
70%
Namibie
70%
Tanzanie
69%
Kenya
68%
Lesotho
68%
Zimbabwe
68%
Bénin
67%
Burkina Faso
67%
Burundi
67%
Ghana
65%
Botswana
64%
Rwanda
59%
Eswatini
58%
Djibouti
57%
Ouganda
57%
Sierra Leone
57%
Sao Tomé-et- Principe
45%
Aucun quiz correspondant
Distribution des résultats
% des personnes avec chaque résultat
Percentile par nombre de réponses
Votre historique - résultats
Vous n’avez pas pris ce quiz